000 00790nam a2200241 i 4500
001 bg
003 BPK
005 20200630132816.0
008 s1989 pl a f f |000 0 pol
040 _cBPK
041 _apol
080 _a624.012.45
080 _a(075.8)
100 1 _aStarosolski, Włodzimierz
_d(1933- )
_eAutor
245 0 _aKonstrukcje żelbetowe.
_nT. 2 /
_cWłodzimierz Starosolski.
250 _aWyd. 2 zm.
260 _aWarszawa ;
_aŁódź,
_bPaństwowe Wydawnictwo Naukowe. Oddział,
_c1989.
655 4 _aPodręczniki akademickie
650 4 _aKonstrukcje żelbetowe
710 2 _aPaństwowe Wydawnictwo Naukowe
_4pbl.
856 _uhttp://koha.tu.koszalin.pl/cgi-bin/koha/opac-detail.pl?biblionumber=4066
_yKatalog online BPK
942 _cKS
_2UKD
999 _c4066
_d4066